| 000 | 00762nam a22002297a 4500 | ||
|---|---|---|---|
| 005 | 20170124110234.0 | ||
| 010 | _aA-895509 | ||
| 020 |
_c00.00 _a8170248647 |
||
| 035 | _aA-895509 | ||
| 037 | _bCen Lib/Ret | ||
| 040 |
_aDPL _bEN |
||
| 082 |
_a792.62 _bTHI |
||
| 100 |
_aThielemann, Selina _9105241 |
||
| 245 |
_aRāsalīlā : _cby Selina Thielemann _ba musical study of religious drama in Vraja |
||
| 260 |
_aNew Delhi _bA. P. H. Publishing Corporation _c1998 |
||
| 270 |
_bNew Delhi _a5, Ansari Road, Darya Ganj _e110002 |
||
| 300 |
_a202p. : _c28m(Hb) _bcol.ill. |
||
| 500 | _aIncludes bibliographical references and index | ||
| 650 |
_aVaishnava music _941883 |
||
| 650 |
_aHindustani music _9105242 |
||
| 942 |
_2ddc _cEN _h792.62 _mTHI |
||
| 999 |
_c134827 _d134827 |
||